000 00650cam a22002172a 4500
001 009548
003 AR-FADEU
008 311216n1983####xxu####################dd
020 _a0-201-06503-7
092 _a407.24
_bS267c
100 _aSavignon, Sandra J.
245 _aCommunicative competence : theory and classroom practice
260 _aMassachusetts
260 _bAddison-Wesley
260 _c1983
300 _a322 p
440 _aThe addison wesley second language professional library
650 _aLENGUAS MODERNAS-ESTUDIO Y ENSEÑANZA; METODOLOGIA; ADQUISICION DEL LENGUAJE-L2/REVISADO/
546 _aInglés
942 _cBDGR
999 _c15345
_d15345